000 00632nam a22002177a 4500
003 LK-CoMWRAF
005 20231206100614.0
008 231016b1998 |||||||| |||| 00| 0 eng d
020 _a9960792676
040 _aLK-CoMWRAF
_dLK-CoMWRAF
_eLK-CoMWRAF
041 _aeng
082 _a219
_bABD
100 _aAbdulsalam, Rukaiyah Hill
245 _aWomen's ideal liberation:
_bIslamic versus Western understanding
260 _aJeddah:
_b Abul-Qasim Pub. House,
_c1998
300 _a150 p. 21cm
_bBibliography included
650 _aWOMEN IN ISLAM
650 _aWomen-Europe
650 _aWomen-Social conditions
942 _cBK
999 _c3893
_d3893